Seminář o sovětské a východoevropské ekonomice.

V júli 1990 usporiadala americká nadácia "Social Science Research Council" seminár o ekonomike ZSSR a východnej Európy. Výber účastníkov na základe konkurzu. Jadro seminára tvorili práce ekonomické, boli však aj diskusie o politických, regionálnych a sociálnych problémoch.

Enregistré dans:
Détails bibliographiques
Auteur principal: Mládek, J.
Format: Chapitre de livre
Langue:tchèque
Sujets:
Tags: Ajouter un tag
Pas de tags, Soyez le premier à ajouter un tag!

MARC

LEADER 00000naa a2200000 4500
001 r004552
005 20221125080946.7
041 0 |a cze 
044 |a [CS] 
245 1 0 |a Seminář o sovětské a východoevropské ekonomice.  |c J. Mládek 
520 |a V júli 1990 usporiadala americká nadácia "Social Science Research Council" seminár o ekonomike ZSSR a východnej Európy. Výber účastníkov na základe konkurzu. Jadro seminára tvorili práce ekonomické, boli však aj diskusie o politických, regionálnych a sociálnych problémoch. 
610 2 0 |a hospodárstvo národné 
610 2 0 |a ZSSR 
610 2 0 |a východná Európa 
610 2 0 |a semináre 
610 2 0 |a 1990 
100 1 |a Mládek, J.